Statistiques concernant Pays européens par première et dernière lettre

Cliquez ici pour prendre le quiz!

Statistiques générales

  • Ce quiz a été pris 749 fois
  • Le résultat moyen est 35 sur 45

Réponses sur la Carte

Les réponses sont colorées sur une échelle allant du rouge au vert en fonction du pourcentage des utilisateurs qui les ont devinées à leur premier essai. Vous pouvez retrouver ces pourcentages ci-dessous.
 

Statistiques - réponses

pays% Correct
Finlande
96%
France
96%
Albanie
94%
Allemagne
94%
Andorre
94%
Autriche
94%
Irlande
94%
Islande
94%
Italie
94%
Espagne
93%
Estonie
93%
Serbie
92%
Slovaquie
92%
Slovénie
92%
Suède
92%
Suisse
92%
Roumanie
90%
Russie
90%
Tchèquie
90%
Belgique
87%
Biélorussie
87%
Bosnie-
Herzégovine
87%
Bulgarie
87%
Norvège
86%
Portugal
86%
Royaume-Uni
83%
Pologne
78%
Grèce
74%
Ukraine
74%
Pays-Bas
73%
Lettonie
70%
Lituanie
70%
Malte
67%
Moldavie
67%
Danemark
66%
Croatie
63%
Monaco
63%
Monténégro
63%
Luxembourg
55%
Hongrie
48%
Kosovo
47%
Vatican
45%
Saint-Marin
37%
Liechtenstein
36%
Macédoine
du Nord
24%

Distribution des résultats

Percentile par nombre de réponses

% des personnes avec chaque résultat

Votre développement - résultats

Vous n’avez pas pris ce quiz